Loading...
| Literature - World/Other | 0 | 5 | 0 | 0 | 50 | 91 | 122.00 | 0 | 1 | 0.00 | 0.00 |
| Literature - American | 0 | 4 | 0 | 0 | 40 | 89 | 103.25 | 0 | 0 | 0.00 | 0.00 |
| Literature - European | 0 | 3 | 0 | 0 | 30 | 98 | 109.67 | 0 | 0 | 0.00 | 0.00 |
| Literature - British | 0 | 3 | 0 | 1 | 30 | 101 | 126.00 | 0 | 0 | 0.00 | 0.00 |
| Science - Physics | 0 | 2 | 0 | 0 | 20 | 102 | 111.50 | 0 | 0 | 0.00 | 0.00 |
| Philosophy | 0 | 2 | 1 | 0 | 15 | 87 | 89.50 | 1 | 1 | 0.00 | 0.00 |
| History - World | 0 | 1 | 0 | 0 | 10 | 94 | 94.00 | 0 | 0 | 0.00 | 0.00 |
| History - American | 0 | 1 | 0 | 0 | 10 | 87 | 87.00 | 0 | 1 | 0.00 | 0.00 |
| Fine Arts - Visual | 0 | 1 | 0 | 0 | 10 | 115 | 115.00 | 0 | 0 | 0.00 | 0.00 |
| Religion | 0 | 1 | 0 | 0 | 10 | 107 | 107.00 | 0 | 0 | 0.00 | 0.00 |
| Fine Arts - Other | 0 | 1 | 0 | 0 | 10 | 115 | 115.00 | 0 | 0 | 0.00 | 0.00 |